000 00652nam a22002177a 4500
005 20140303154708.0
010 _aENG-108701
020 _c275.00
_a9789380722030
035 _aEN-92234
037 _bDBAD/PUB
082 _a346.07
100 _aSharma, Ashok
245 _aBusiness law :
_cby Ashok Sharma , Rashmi Arya [and] Anju Gupta
_bcommercial law, business regulatory framework /
250 _a2nd ed
260 _aJaipur
_bAjmera Book
_c2012
270 _aTripolia Bazar
_bJaipur
_e302002
300 _avarious pagings
_c24cm(pbk)
700 _aArya, Rashmi
700 _aGupta, Anju
942 _2ddc
_cEN
_mSHA
_h346.07
999 _c80974
_d80974